[Event "AUTO-MASTER-1115"]
[Site "http://www.queenalice.com/game.php?id=841603"]
[Date "2010.10.4"]
[Round "2"]
[White "malecar"]
[Black "Lucioamorim"]
[Result "1-0"]
[WhiteElo "2042"]
[BlackElo "2163"]

1. d4 Nf6 2. c4 g6 3. Nc3 Bg7 4. e4 d6 5. Nf3 O-O 6. Be3 e5 7. d5 Ng4 8. Bd2 a5
9. h3 Nf6 10. Be2 Na6 11. a3 Nc5 12. Bg5 h6 13. Be3 Nfd7 14. O-O f5 15. exf5
gxf5 16. b4 Na6 17. Qc1 Kh7 18. Ne1 Nf6 19. Nd3 f4 20. Bd2 Bf5 21. b5 Nc5 22.
Nxc5 dxc5 23. Bf3 e4 24. Bd1 f3 25. g4 Bg6 26. Bc2 Qd7 27. Bf4 1-0

[Event "AUTO-MASTER-1115"]
[Site "http://www.queenalice.com/game.php?id=841604"]
[Date "2010.10.4"]
[Round "2"]
[White "Lucioamorim"]
[Black "malecar"]
[Result "1-0"]
[WhiteElo "2135"]
[BlackElo "2097"]

1. d4 Nf6 2. c4 g6 3. Nc3 d6 4. e4 Bg7 5. f3 O-O 6. Be3 e5 7. Nge2 h6 8. Qd2 Kh7
9. O-O-O exd4 10. Nxd4 Nbd7 11. h4 Nh5 12. g4 Ng3 13. Rh3 Nxf1 14. Rxf1 Ne5 15.
b3 h5 16. Rhh1 hxg4 17. h5 Kg8 18. hxg6 Qf6 19. Nd5 Qd8 20. Qh2 1-0

[Event "AUTO-MASTER-1270"]
[Site "http://www.queenalice.com/game.php?id=858706"]
[Date "2010.11.14"]
[Round "1"]
[White "malecar"]
[Black "RafaelCabral"]
[Result "0-1"]
[WhiteElo "2071"]
[BlackElo "2102"]

1. e4 c5 2. f4 Nc6 3. Nf3 g6 4. e5 Bg7 5. Nc3 d6 6. exd6 Qxd6 7. d3 Nf6 8. Be2
O-O 9. Nb5 Qb8 10. Be3 Ng4 11. Bxc5 Qxf4 12. c3 b6 13. Bf2 Nxf2 14. Kxf2 Ne5 15.
Qd2 Ng4+ 16. Ke1 Ne3 17. Nbd4 Nxg2+ 18. Kd1 Ne3+ 19. Kc1 Bg4 20. Nc2 Bxf3 21.
Bxf3 Qxf3 22. Rg1 Nxc2 0-1

[Event "AUTO-MASTER-1270"]
[Site "http://www.queenalice.com/game.php?id=858707"]
[Date "2010.11.14"]
[Round "1"]
[White "RafaelCabral"]
[Black "malecar"]
[Result "1-0"]
[WhiteElo "2176"]
[BlackElo "2108"]

1. c4 Nf6 2. Nc3 g6 3. g3 Bg7 4. Bg2 c5 5. Nf3 Nc6 6. O-O O-O 7. a3 d5 8. cxd5
Nxd5 9. Rb1 Bf5 10. d3 Bxc3 11. e4 Nb6 12. bxc3 Bg4 13. Bh6 Re8 14. h3 Bxf3 15.
Qxf3 Ne5 16. Qe3 Qxd3 17. Qxc5 Rac8 18. Qxe5 1-0

[Event "AUTO-MASTER-1270"]
[Site "http://www.queenalice.com/game.php?id=858708"]
[Date "2010.11.14"]
[Round "1"]
[White "malecar"]
[Black "shmurtz91"]
[Result "1-0"]
[WhiteElo "2097"]
[BlackElo "1958"]

1. d4 d5 2. c4 Nf6 3. Nc3 e6 4. Bg5 Be7 5. e3 Nc6 6. Nf3 Ne4 7. Nxe4 dxe4 8.
Bxe7 Qxe7 9. Nd2 f5 10. Be2 b6 11. Qa4 Bd7 12. a3 Nxd4 13. Qd1 Nc6 14. O-O Ne5
15. Bh5+ g6 16. Be2 O-O-O 17. b4 Bc6 18. Qc2 Kb8 19. c5 Qd7 20. Nc4 Nf3+ 21.
gxf3 exf3 22. Ne5 Qe8 23. Bxf3 Bxf3 24. Nxf3 e5 25. c6 Rd6 26. b5 f4 27. e4 Qc8
28. Nxe5 Rhd8 29. Nd7+ Ka8 30. a4 a5 31. Rad1 Re6 32. Rd4 g5 33. Rfd1 Rg8 34.
Qc4 Qe8 35. Nxb6+ 1-0

[Event "AUTO-MASTER-1270"]
[Site "http://www.queenalice.com/game.php?id=858709"]
[Date "2010.11.14"]
[Round "1"]
[White "shmurtz91"]
[Black "malecar"]
[Result "0-1"]
[WhiteElo "1948"]
[BlackElo "2105"]

1. e4 c5 2. Bc4 e6 3. Nc3 Nc6 4. Nf3 a6 5. d4 b5 6. Be2 Bb7 7. d5 exd5 8. exd5
Nce7 9. Bg5 f6 10. Bf4 Ng6 11. Bg3 N8e7 12. Bd6 Qb6 13. Bg3 Nf5 14. Bd3 Nxg3 15.
hxg3 Ne7 16. Qe2 O-O-O 17. O-O-O Nxd5 18. Nxd5 Bxd5 19. b3 Bd6 20. Rxh7 Bf7 21.
Rxg7 Rde8 22. Qd2 Be6 23. Bxb5 axb5 24. Qxd6 Qxd6 25. Rxd6 Kc7 26. Rd2 Kc6 27.
b4 d6 28. bxc5 dxc5 29. Rg6 Rhf8 30. Re2 Bxa2 31. Rxe8 Rxe8 32. Rxf6+ Re6 33.
Rf5 Re2 34. Ne5+ Kd6 35. Nd3 c4 36. Nb4 Ke6 37. Rf3 c3 38. Nxa2 Re1# 0-1

[Event "AUTO-MASTER-1270"]
[Site "http://www.queenalice.com/game.php?id=858710"]
[Date "2010.11.14"]
[Round "1"]
[White "malecar"]
[Black "cdyray"]
[Result "0-1"]
[WhiteElo "2063"]
[BlackElo "2108"]

1. d4 d5 2. Nf3 Nf6 3. Nc3 e6 4. a3 a5 5. Bg5 c6 6. e4 dxe4 7. Nxe4 Nbd7 8. c4
Be7 9. Ng3 O-O 10. Be2 h6 11. Bf4 Qb6 12. Qc2 a4 13. O-O c5 14. Be3 cxd4 15.
Bxd4 Bc5 16. Rad1 Bxd4 17. Nxd4 Nc5 18. Bf3 Bd7 19. Ne4 Ncxe4 20. Bxe4 Rfd8 21.
c5 Qa6 22. Bd3 Qa5 23. Be4 Rab8 24. c6 bxc6 25. Bxc6 Rdc8 26. Rc1 Rb6 27. Rfe1
Bxc6 28. Nxc6 Rbxc6 0-1

[Event "AUTO-MASTER-1270"]
[Site "http://www.queenalice.com/game.php?id=858711"]
[Date "2010.11.14"]
[Round "1"]
[White "cdyray"]
[Black "malecar"]
[Result "1-0"]
[WhiteElo "2099"]
[BlackElo "2056"]

1. d4 g6 2. e4 d6 3. Nf3 Bg7 4. Nc3 Nf6 5. Bg5 h6 6. Be3 O-O 7. Qd2 Kh7 8. O-O-O
Ng4 9. Bf4 Nc6 10. h3 Nf6 11. g4 e6 12. g5 Nh5 13. Be3 f5 14. gxh6 Bf6 15. Ng5+
Bxg5 16. Bxg5 Nf6 17. Qe2 Qe8 18. Bxf6 Rxf6 19. exf5 gxf5 20. Qf3 Qf7 21. Rg1
Rxh6 22. Ne4 Qh5 23. Nf6+ 1-0

[Event "AUTO-OPEN-2203"]
[Site "http://www.queenalice.com/game.php?id=874927"]
[Date "2010.12.21"]
[Round "1"]
[White "KobeB"]
[Black "malecar"]
[Result "1-0"]
[WhiteElo "1867"]
[BlackElo "2096"]

1. e4 c5 2. Nf3 g6 3. d4 cxd4 4. Nxd4 Bg7 5. c4 d6 6. Be2 Nf6 7. Nc3 O-O 8. O-O
Nc6 9. Be3 Ng4 10. Bxg4 Nxd4 11. Bxc8 Rxc8 12. Bxd4 e5 13. Be3 Rxc4 14. Qd5 1-0

[Event "AUTO-OPEN-2203"]
[Site "http://www.queenalice.com/game.php?id=874928"]
[Date "2010.12.21"]
[Round "1"]
[White "malecar"]
[Black "KobeB"]
[Result "1-0"]
[WhiteElo "2049"]
[BlackElo "1903"]

1. d4 d5 2. c4 Nf6 3. Nc3 e6 4. e3 c5 5. Nf3 cxd4 6. Nxd4 Be7 7. Bd2 O-O 8. Be2
Nc6 9. Nb3 dxc4 10. Bxc4 a6 11. O-O b5 12. Be2 b4 13. Na4 a5 14. Bf3 Ra6 15. Rc1
Ne5 16. Be2 Rd6 17. Nac5 Qb6 18. Qc2 a4 19. Nxa4 Qa7 20. Qc7 Qxa4 21. Qxe7 Rd7
22. Qxb4 Qxb4 23. Bxb4 Rfd8 24. Rfd1 Nd5 25. Ba5 Rf8 26. Bb5 Ra7 27. e4 Nf4 28.
Bb4 Ba6 29. Bxf8 Bxb5 30. Rc8 Ba6 31. Bc5+ Bxc8 32. Rd8# 1-0

[Event "AUTO-OPEN-2203"]
[Site "http://www.queenalice.com/game.php?id=874939"]
[Date "2010.12.21"]
[Round "1"]
[White "malecar"]
[Black "gustavobelczak"]
[Result "0-1"]
[WhiteElo "2059"]
[BlackElo "1501"]

1. d4 d5 2. Nf3 e6 3. Nc3 Bb4 4. Bd2 Nc6 5. e4 Nf6 6. Bb5 O-O 7. exd5 exd5 8.
O-O Bg4 9. Bg5 Bxf3 10. Qxf3 Be7 11. Bxc6 bxc6 12. a3 h6 13. Bf4 Rb8 14. Rab1 c5
15. Ne2 c4 16. Nc3 c6 17. Bxb8 Qxb8 18. Rfe1 Bd6 19. Kh1 Qb6 20. Ne2 Ne4 21. Qe3
Qd8 22. Ng3 Qh4 23. Rbd1 Re8 24. Qf3 Re6 25. h3 Nxf2+ 26. Qxf2 Bxg3 27. Rxe6
Bxf2 28. Rxc6 Bxd4 29. Rc8+ Kh7 30. b3 Qf2 31. Re8 f5 32. bxc4 dxc4 33. Ree1 f4
34. Rf1 Qe3 35. Rf3 Qe4 36. Rdf1 g5 37. g4 fxg3 38. Kg2 Be5 0-1

[Event "AUTO-OPEN-2203"]
[Site "http://www.queenalice.com/game.php?id=874940"]
[Date "2010.12.21"]
[Round "1"]
[White "gustavobelczak"]
[Black "malecar"]
[Result "0-1"]
[WhiteElo "1531"]
[BlackElo "2029"]

1. e4 c5 2. Bc4 e6 3. e5 Nc6 4. Nf3 d5 5. Bb5 Bd7 6. d3 h6 7. O-O Nge7 8. Be3
Nf5 9. c3 Nxe5 10. Bxd7+ Nxd7 11. Qa4 Be7 12. Ne5 Qc7 13. Nxd7 Qxd7 14. Qxd7+
Kxd7 15. Bf4 g5 16. Be5 f6 17. Bg3 Nxg3 18. hxg3 b5 19. Nd2 b4 20. c4 dxc4 21.
dxc4 Kc6 22. a4 f5 23. Rae1 Kd6 24. Re2 e5 25. Rd1 Ke6 26. f3 Rhd8 27. a5 Rd4
28. a6 Rad8 29. b3 Kf6 30. Kf1 e4 31. f4 e3 32. Ke1 exd2+ 33. Rdxd2 Rxd2 34.
Rxd2 Rxd2 35. Kxd2 Bd6 36. Ke3 gxf4+ 37. gxf4 Kg6 38. g3 Kh5 39. Kf3 Bc7 40. g4+
fxg4+ 41. Kg3 Bd6 42. Kg2 Bxf4 43. Kf2 Kh4 44. Kg2 h5 45. Kg1 Kh3 46. Kh1 g3 47.
Kg1 Be3+ 48. Kh1 g2# 0-1

[Event "AUTO-OPEN-2096"]
[Site "http://www.queenalice.com/game.php?id=879711"]
[Date "2011.1.1"]
[Round "2"]
[White "Meauxchess"]
[Black "malecar"]
[Result "1-0"]
[WhiteElo "2387"]
[BlackElo "2107"]

1. Nf3 Nf6 2. c4 g6 3. d4 d6 4. Nc3 Bg7 5. e4 O-O 6. h3 e5 7. dxe5 dxe5 8. Bg5
h6 9. Qxd8 Rxd8 10. Bxf6 Bxf6 11. Nd5 Na6 12. Nxf6+ 1-0

[Event "AUTO-OPEN-2608"]
[Site "http://www.queenalice.com/game.php?id=1028930"]
[Date "2012.2.11"]
[Round "1"]
[White "malecar"]
[Black "Elafsson"]
[Result "0-1"]
[WhiteElo "2015"]
[BlackElo "2057"]

1. e4 e5 2. Nf3 Nc6 3. Bc4 Nf6 4. c3 d6 5. d4 exd4 6. cxd4 Nxe4 7. d5 Ne7 8. Qe2
Nc5 9. Bg5 c6 10. O-O Bg4 11. Nbd2 Qd7 12. dxc6 bxc6 13. h3 Be6 14. b4 Bxc4 15.
Nxc4 Ne6 16. Rad1 d5 17. Be3 Nf5 18. a3 Qc7 19. Nce5 Bd6 0-1

[Event "AUTO-OPEN-2608"]
[Site "http://www.queenalice.com/game.php?id=1028931"]
[Date "2012.2.11"]
[Round "1"]
[White "Elafsson"]
[Black "malecar"]
[Result "1-0"]
[WhiteElo "2120"]
[BlackElo "2027"]

1. e4 e5 2. Nf3 Nc6 3. d4 exd4 4. Nxd4 Nxd4 5. Qxd4 d6 6. Nc3 Nf6 7. Bf4 Be7 8.
O-O-O O-O 9. f3 Be6 10. g4 h6 11. h4 Nh7 12. Bg3 Bf6 13. Qe3 a6 14. Be2 Re8 15.
f4 c6 16. g5 hxg5 17. hxg5 Bxc3 18. Qxc3 Nxg5 19. fxg5 Qxg5+ 20. Kb1 d5 21. Rdg1
1-0

[Event "AUTO-OPEN-2608"]
[Site "http://www.queenalice.com/game.php?id=1028932"]
[Date "2012.2.11"]
[Round "1"]
[White "malecar"]
[Black "joseantoniop5"]
[Result "0-1"]
[WhiteElo "2001"]
[BlackElo "1739"]

1. e4 e5 2. Nf3 d6 3. Bc4 Qe7 4. h3 Be6 5. d3 Bxc4 6. dxc4 Nc6 7. Bg5 f6 8. Bd2
O-O-O 9. Nc3 Qe6 10. O-O Qxc4 11. Be3 Nge7 12. Nd2 Qe6 13. Nb3 a5 0-1

[Event "AUTO-OPEN-2608"]
[Site "http://www.queenalice.com/game.php?id=1028933"]
[Date "2012.2.11"]
[Round "1"]
[White "joseantoniop5"]
[Black "malecar"]
[Result "1-0"]
[WhiteElo "1833"]
[BlackElo "2001"]

1. d4 Nf6 2. Nf3 d5 3. e3 Nc6 4. c3 a6 5. a3 Bf5 6. Bd3 Ne4 7. Ne5 Nxe5 8. dxe5
g6 9. f3 Nc5 10. Bxf5 gxf5 11. O-O Bg7 12. f4 O-O 13. Rf3 Kh8 14. Rh3 1-0